[Event "FRA-ch U12 Girls"]
[Site "Gonfreville"]
[Date "2016.04.10"]
[Round "1.2"]
[White "Wu, Clara"]
[Black "Tomasi, Elise"]
[Result "0-1"]
[WhiteElo "1214"]
[BlackElo "1748"]
[PlyCount "116"]
[EventDate "2016.04.22"]
[EventType "swiss"]
[EventRounds "9"]
[EventCountry "FRA"]
[SourceTitle "EXT 2019"]
[Source "ChessBase"]
[SourceDate "2018.10.10"]
[SourceVersion "1"]
[SourceVersionDate "2018.10.10"]
[SourceQuality "1"]

1. d4 d5 2. c4 e6 3. Nf3 Be7 4. g3 Nf6 5. Bg2 0-0 6. 0-0 b6 7. Nc3 Bb7 8. Bf4 c5 9. cxd5 Nxd5 10. Nxd5 Bxd5 11. Qd2 Nc6 12. b3 cxd4 13. Rac1 Rc8 14. Rfd1 Bf6 15. Qc2 e5 16. Bd2 e4 17. Nh4 d3 18. exd3 Nd4 19. Qxc8 Qxc8 20. Rxc8 Rxc8 21. dxe4 Be6 22. Be3 Ne2+ 23. Kf1 Nc3 24. Ra1 Nxe4 25. Bxe4 Bxa1 26. Nf5 Bxf5 27. Bxf5 Rd8 28. Ke2 g6 29. Bg4 f5 30. Bf3 Kf7 31. Bf4 Rc8 32. a4 Rc2+ 33. Ke3 Kf6 34. h4 Rc3+ 35. Ke2 Rxb3 36. Bd5 Ra3 37. Bc6 Bd4 38. Be3 Bxe3 39. fxe3 Ke5 40. Kf3 a6 41. Ke2 Rb3 42. Kd2 b5 43. axb5 axb5 44. Ke2 b4 45. Ba4 Ra3 46. Bc2 b3 47. Bd3 b2 48. Kd1 Ra1+ 49. Kd2 b1Q 50. Bxb1 Rxb1 51. Ke2 Ke4 52. Kf2 Rb2+ 53. Ke1 Kxe3 54. Kd1 Rh2 55. Kc1 Kd3 56. Kb1 Kc3 57. Ka1 Kb3 58. Kb1 Rh1# 0-1